The glorious company of the apostles: (Record no. 5115)

000 -LEADER
fixed length control field 00606nam a2200181 a 4500
001 - CONTROL NUMBER
control field :::00002856$&:&@@
003 - CONTROL NUMBER IDENTIFIER
control field OkBaRHE
005 - DATE AND TIME OF LATEST TRANSACTION
control field 20000607103257.0
008 - FIXED-LENGTH DATA ELEMENTS--GENERAL INFORMATION
fixed length control field j 000 0 eng u
040 ## - CATALOGING SOURCE
Transcribing agency
100 1# - MAIN ENTRY--PERSONAL NAME
Personal name Jones, J. D. (John Daniel), 1865-1942.
245 14 - TITLE STATEMENT
Title The glorious company of the apostles:
Remainder of title being studies in the characters of the twelve.
260 ## - PUBLICATION, DISTRIBUTION, ETC. (IMPRINT)
Place of publication, distribution, etc London, UK:EN., :
Name of publisher, distributor, etc James Clarke & Co.
Date of publication, distribution, etc nd
300 ## - PHYSICAL DESCRIPTION
Extent 260 p. ;
Dimensions 19 cm.
650 ## - SUBJECT ADDED ENTRY--TOPICAL TERM
Topical term or geographic name as entry element Apostles
942 ## - ADDED ENTRY ELEMENTS (KOHA)
Source of classification or shelving scheme
Koha item type Books
Copies
Copy number Koha item type Source of classification or shelving scheme Withdrawn status Full call number Price effective from Not for loan Lost status Date acquired Barcode Damaged status Permanent Location Date last seen Shelving location
1Books  BS 2440 .J6342010-04-14  2010-04-142856 RHEMA Bible Training College2018-03-16General Stacks